Представление документа в формате MARC21

Поле Инд. ПП Название Значение
Тип записи a
Библиографический уровень m
001 Контрольный номер RU/LIBMSTU/317469263
005 Дата корректировки 20160127104206.4
008 Кодируемые данные 100201|||||||||ru |||||||||||000|||rus||
020 a ISBN 978-5-394-00584-8
c Цена, тираж 110-00
040 b Код языка каталог. rus
041 0_ a Код языка текста rus
084 a Индекс другой классификации/Индекс ББК 36.86+36-9+30.609
090 a Полочн. индекс 36.86
x Авторский знак З-17
100 1_ a Автор Заикина В. И.
245 10 a Заглавие Экспертиза меда и способы обнаружения его фальсификации
b Продолж. заглавия учеб. пособие для вузов
250 a Основные сведения об издании 3-е изд., перераб. и доп.
260 a Место издания Москва
b Издательство Дашков и К
c Дата издания 2010
300 a Объем 165 с.
504 a Библиография Библиогр.: с. 160-165
650 04 a Основная рубрика Мед-Экспертиза-Учебные издания для высших учебных заведений
653 0_ a Ключевые слова Дефекты меда
a Ключевые слова Купажирование меда
a Ключевые слова Мед
a Ключевые слова Обработка меда
a Ключевые слова Пчеловодство
a Ключевые слова Фальсификация меда
a Ключевые слова Фасовка
a Ключевые слова Хранение меда
a Ключевые слова Экспертиза меда
901 t Тип документа m
952 c Вид литературы учебное пособие